| 000 | 00473nam a22001817a 4500 | ||
|---|---|---|---|
| 003 | NUST - PNEC | ||
| 005 | 20170116181058.0 | ||
| 008 | 151002b xxu||||| |||| 00| 0 eng d | ||
| 020 | _a075451434X | ||
| 040 | _cLIBRARY | ||
| 082 | _a697.043 SAX | ||
| 100 |
_912153 _aSaxon, Frank |
||
| 245 |
_aDomestic gas installation practice _cFrank Saxon |
||
| 250 | _a3rd ed. | ||
| 260 | _c1995 | ||
| 650 |
_912154 _aGas appliances--Maintenance and repair _xME |
||
| 942 |
_2ddc _cBK |
||
| 999 |
_c68623 _d68623 |
||